Представление документа в формате RUSMARC

Поле Инд. ПП Название Значение
Тип записи a
Библиографический уровень a
001 Контрольный номер f2273bd1d99a4c17b1e8c9c492550166
005 Дата корректировки 20181120134526.9
100 a Данные общей обработки 20180924 ||| 0rusy0189 ca
101 0_ a Язык текста rus
102 a Страна публикации RU
200 1_ f Первые сведения об ответственности И.Н. Спицин
a Заглавие Содержание принципа справедливости в административном судопроизводстве
b Общее обозначение материала Текст
210 d Дата издания 2018
461 _0 1 2000
a Арбитражный и гражданский процесс
463 _0 1 2000
a №7
v С. 28-34
1 2101
d 2018
1 001b04c10cb67f54e9a9bf6723b0d871b99
606 a Основная рубрика Гражданское процессуальное право
610 0_ a Ключевые слова ПРИНЦИПЫ ПРАВА
a Ключевые слова АДМИНИСТРАТИВНОЕ СУДОПРОИЗВОДСТВО
700 _1 a Фамилия Спицин
b Имя И.Н.
801 _0 a Страна RU
b Организация РГУП
c Дата составления 20180924
g Правила каталогизации PSBO
801 _1 a Страна RU
b Организация РГУП
c Дата составления 20180924
g Правила каталогизации PSBO
901 t Тип документа b
w Контрольный № источника b04c10cb67f54e9a9bf6723b0d871b99
905 a Дата ввода 20180924